सगुणोपासना व साक्षात्कार. (Record no. 1298661)

MARC details
000 -LEADER
fixed length control field 00626nam a2200181Ia 4500
008 - FIXED-LENGTH DATA ELEMENTS--GENERAL INFORMATION
fixed length control field 151202s9999||||xx |||||||||||||| ||und||
082 ## - DEWEY DECIMAL CLASSIFICATION NUMBER
Item number PNVM-32700
100 ## - MAIN ENTRY--PERSONAL NAME
Personal name वणीकर अ.स.
245 ## - TITLE STATEMENT
Title सगुणोपासना व साक्षात्कार.
260 ## - PUBLICATION, DISTRIBUTION, ETC. (IMPRINT)
Name of publisher, distributor, etc वि.श.वैद्य.
260 ## - PUBLICATION, DISTRIBUTION, ETC. (IMPRINT)
Date of publication, distribution, etc 1807
300 ## - PHYSICAL DESCRIPTION
Extent 150
600 ## - SUBJECT ADDED ENTRY--PERSONAL NAME
Personal name वणीकर अ.स.
630 ## - SUBJECT ADDED ENTRY--UNIFORM TITLE
Uniform title सगुणोपासना व साक्षात्कार.
700 ## - ADDED ENTRY--PERSONAL NAME
Personal name वणीकर अ.स.
730 ## - ADDED ENTRY--UNIFORM TITLE
Uniform title सगुणोपासना व साक्षात्कार.
942 ## - ADDED ENTRY ELEMENTS (KOHA)
Koha item type Book
Holdings
Withdrawn status Lost status Damaged status Not for loan Home library Current library Date acquired Cost, normal purchase price Total Checkouts Full call number Barcode Date last seen Cost, replacement price Price effective from Koha item type
        Pune Nagar Vachan Mandir, Pune Pune Nagar Vachan Mandir, Pune 06/21/2015 0.00   PNVM-32700 PNVM-32700 12/02/2015 0.00 12/02/2015 Book